The twelve: (Record no. 5109)

000 -LEADER
fixed length control field 00563nam a2200181 a 4500
001 - CONTROL NUMBER
control field :::00002850$&:&@@
003 - CONTROL NUMBER IDENTIFIER
control field OkBaRHE
005 - DATE AND TIME OF LATEST TRANSACTION
control field 20000607103257.0
008 - FIXED-LENGTH DATA ELEMENTS--GENERAL INFORMATION
fixed length control field s1916 j 000 0 eng u
040 ## - CATALOGING SOURCE
Transcribing agency
100 1# - MAIN ENTRY--PERSONAL NAME
Personal name George, Edward Augustus.
245 14 - TITLE STATEMENT
Title The twelve:
Remainder of title apostolic types of Christian men.
260 ## - PUBLICATION, DISTRIBUTION, ETC. (IMPRINT)
Place of publication, distribution, etc New York, NY., :
Name of publisher, distributor, etc Fleming H. Revell Co.
Date of publication, distribution, etc c1916
300 ## - PHYSICAL DESCRIPTION
Extent 235 p. : front. ;
Dimensions 20 cm.
650 ## - SUBJECT ADDED ENTRY--TOPICAL TERM
Topical term or geographic name as entry element Apostles
942 ## - ADDED ENTRY ELEMENTS (KOHA)
Source of classification or shelving scheme
Koha item type Books
Copies
Date acquired Lost status Damaged status Date last seen Shelving location Withdrawn status Koha item type Source of classification or shelving scheme Price effective from Not for loan Barcode Full call number Permanent Location Copy number
2010-04-14  2018-03-16General Stacks Books 2010-04-14 2850BS 2440 .G4RHEMA Bible Training College1